00899nam a22002657a 450000500170000001000110001702000100002803500110003803700160004904000120006508200130007710000230009024500650011326000360017827000380021430000200025249000580027250000500033065000210038065000330040170000250043494200220045999900190048195201330050020170124105946.0 a473798 c00.00 a473798 bCen Lib/Ret aDPLbEN a200bEAR aEarle, Nick912420 aCulture & creed :cby Nick Earleba study of human beliefs / aLondonbThames and Hudsonc1967 a30-34, bloomsbury street bLondon a160p.c21cm(Hb) aThe general studies library ; edited by Percy Wilson  aIncludes bibliographical references and index aReligion 975842 aOrigin of philosophy 912422 aWilson, Percy975843 2ddccENh200mEAR c124925d124925 00104070aLbLd2015-06-19eCen Lib/Retg0.00l1m2o200 EARp473798r2019-06-29 00:00:00s2019-05-26t1v0.00w2015-06-19yEN